|
|
|
|
| LEADER |
00000cam a2200000 c 4500 |
| 001 |
278994679 |
| 003 |
DE-627 |
| 005 |
20260206195114.0 |
| 007 |
tu |
| 008 |
950727s1995 gw ||||| 00| ||ger c |
| 015 |
|
|
|a 95,N25,0429
|2 dnb
|
| 015 |
|
|
|a 96,A02,1909
|2 dnb
|
| 016 |
7 |
|
|a 944474829
|2 DE-101
|
| 020 |
|
|
|a 3926023686
|9 3-926023-68-6
|
| 035 |
|
|
|a (DE-627)278994679
|
| 035 |
|
|
|a (DE-603)035315563
|
| 035 |
|
|
|a (DE-576)046840664
|
| 035 |
|
|
|a (DE-599)GBV278994679
|
| 035 |
|
|
|a (OCoLC)243808006
|
| 035 |
|
|
|a (OCoLC)35027247
|
| 040 |
|
|
|a DE-627
|b ger
|c DE-627
|e rakwb
|
| 041 |
|
|
|a ger
|
| 044 |
|
|
|c XA-DE
|c XA-DE-BW
|
| 084 |
|
|
|a 64
|a 14
|a 19
|a 12
|a 63
|2 sdnb
|
| 084 |
|
|
|a NZ 75832
|q DE-24/20sred
|2 rvk
|0 (DE-625)rvk/163178:14229
|
| 084 |
|
|
|a NW 8100
|2 rvk
|0 (DE-625)rvk/132305:
|
| 084 |
|
|
|a 514
|2 bwlb
|
| 084 |
|
|
|a 15.55
|2 bkl
|
| 084 |
|
|
|a 15.08
|2 bkl
|
| 084 |
|
|
|a 71.33
|2 bkl
|
| 245 |
0 |
0 |
|a Margarethas Töchter
|b Stadtgeschichte der Frauen von 1800 bis 1950 am Beispiel Freiburgs
|c Birgit Heidtke; Christina Rössler
|
| 263 |
|
|
|a Gb. : DM 42.00, sfr 43.00, S 328.00
|
| 264 |
|
1 |
|a Freiburg i. Br.
|b Kore
|c 1995
|
| 300 |
|
|
|a 479 S.
|b Ill.
|
| 336 |
|
|
|a Text
|b txt
|2 rdacontent
|
| 337 |
|
|
|a ohne Hilfsmittel zu benutzen
|b n
|2 rdamedia
|
| 338 |
|
|
|a Band
|b nc
|2 rdacarrier
|
| 500 |
|
|
|a Literaturverz. S. 467 - 475. - Erg. zu: Roecken, Sully: Margaretha Jedefrau
|
| 505 |
8 |
|
|a Literaturverz. S. 467 - 475
|
| 505 |
8 |
|
|a Literaturverz. S. 467 - 475
|
| 583 |
1 |
|
|a Archivierung prüfen
|c 20240324
|f DE-4165
|z 3
|2 pdager
|
| 648 |
|
7 |
|a Geschichte 1900-2000
|2 gnd
|7 (dpeaa)DE-631
|
| 648 |
|
7 |
|a Geschichte 1800-1900
|2 gnd
|7 (dpeaa)DE-631
|
| 648 |
|
7 |
|a Geschichte 1800-1950
|2 gnd
|
| 648 |
|
4 |
|a 20. Jahrhundert
|0 (DE-631)24503
|7 (dpeaa)DE-631
|
| 648 |
|
4 |
|a Neuzeit 1800-1900
|0 (DE-631)35911
|7 (dpeaa)DE-631
|
| 650 |
0 |
7 |
|0 (DE-588)4018202-2
|0 (DE-627)104270705
|0 (DE-576)208923209
|a Frau
|2 gnd
|7 (dpeaa)DE-631
|
| 650 |
|
4 |
|a Sozialgeschichte
|0 (DE-631)17216
|7 (dpeaa)DE-631
|
| 651 |
|
7 |
|0 (DE-588)4018272-1
|0 (DE-627)106326686
|0 (DE-576)208923535
|a Freiburg im Breisgau
|2 gnd
|7 (dpeaa)DE-631
|
| 655 |
|
7 |
|a Aufsatzsammlung
|0 (DE-588)4143413-4
|0 (DE-627)105605727
|0 (DE-576)209726091
|2 gnd-content
|
| 689 |
0 |
0 |
|d g
|0 (DE-588)4018272-1
|0 (DE-627)106326686
|0 (DE-576)208923535
|a Freiburg im Breisgau
|2 gnd
|
| 689 |
0 |
1 |
|d s
|0 (DE-588)4018202-2
|0 (DE-627)104270705
|0 (DE-576)208923209
|a Frau
|2 gnd
|
| 689 |
0 |
2 |
|a z
|2 gnd
|a Geschichte 1800-1950
|
| 689 |
0 |
|
|5 DE-101
|
| 689 |
1 |
0 |
|d g
|0 (DE-588)4018272-1
|0 (DE-627)106326686
|0 (DE-576)208923535
|a Freiburg im Breisgau
|2 gnd
|
| 689 |
1 |
1 |
|d s
|0 (DE-588)4018202-2
|0 (DE-627)104270705
|0 (DE-576)208923209
|a Frau
|2 gnd
|
| 689 |
1 |
2 |
|a z
|2 gnd
|a Geschichte 1800-1950
|
| 689 |
1 |
|
|5 (DE-627)
|
| 700 |
1 |
|
|8 1\p
|a Heidtke, Birgit
|d 1959-
|0 (DE-588)172890756
|0 (DE-627)697819078
|0 (DE-576)133745759
|4 oth
|
| 700 |
1 |
|
|8 2\p
|a Rössler, Christina
|d 1951-
|0 (DE-588)172905699
|0 (DE-627)697833674
|0 (DE-576)133760502
|4 oth
|
| 883 |
|
|
|8 1\p
|a cgwrk
|d 20241001
|q DE-101
|u https://d-nb.info/provenance/plan#cgwrk
|
| 883 |
|
|
|8 2\p
|a cgwrk
|d 20241001
|q DE-101
|u https://d-nb.info/provenance/plan#cgwrk
|
| 889 |
|
|
|w (DE-627)185153100
|
| 935 |
|
|
|a mkri
|a BWLB
|
| 935 |
|
|
|i mdedup
|
| 935 |
|
|
|i Blocktest
|
| 935 |
|
|
|h HEB
|i 0501
|
| 935 |
|
|
|h HEB
|i 0503
|
| 936 |
r |
v |
|a NZ 75832
|b Wirtschaft und Gesellschaft
|k Geschichte
|k Regionale Landeskunde
|k Baden-Württemberg
|k Landesgeschichte regional
|k Geschichte einzelner Orte (inklusive Stadtkreise)
|k Freiburg im Breisgau
|k Wirtschaft und Gesellschaft
|0 (DE-627)1685788521
|0 (DE-625)rvk/163178:14229
|
| 936 |
r |
v |
|a NW 8100
|b Frauen
|k Geschichte
|k Wirtschafts- und Sozialgeschichte
|k Spezielle Sozialgeschichte
|k Einzelne Stände und Gesellschaftsgruppen
|k Frauen
|0 (DE-627)1270766740
|0 (DE-625)rvk/132305:
|0 (DE-576)200766740
|
| 936 |
b |
k |
|a 15.55
|j Baden-Württemberg
|x Geschichte
|q coli-conc RVK->BK
|q https://coli-conc.gbv.de/api/mappings/58b6b720-6ba5-4068-ac06-4bb36eb8c635
|0 (DE-627)181571617
|
| 936 |
b |
k |
|a 15.08
|j Sozialgeschichte
|0 (DE-627)181571005
|
| 936 |
b |
k |
|a 71.33
|j Frau
|x Soziologie
|0 (DE-627)106412671
|
| 936 |
s |
n |
|a n100
|2 mzub
|
| 936 |
s |
n |
|a m200
|2 mzub
|
| 936 |
s |
n |
|a p100
|2 mzub
|
| 936 |
s |
n |
|a b100
|2 mzub
|
| 951 |
|
|
|a BO
|
| ELC |
|
|
|b 1
|
| LOK |
|
|
|0 000 xxxxxcx a22 zn 4500
|
| LOK |
|
|
|0 001 331774605X
|
| LOK |
|
|
|0 003 DE-627
|
| LOK |
|
|
|0 004 278994679
|
| LOK |
|
|
|0 005 20110712130528
|
| LOK |
|
|
|0 008 050309||||||||||||||||ger|||||||
|
| LOK |
|
|
|0 040
|a DE-21-52
|c DE-627
|d DE-21-52
|
| LOK |
|
|
|0 541
|e 95/567
|
| LOK |
|
|
|0 852
|a DE-21-52
|
| LOK |
|
|
|0 852 1
|c An 699-463/2
|m p
|9 00
|
| LOK |
|
|
|0 935
|a k052
|
| LOK |
|
|
|0 938
|k p
|
| LOK |
|
|
|0 939
|a 09-03-05
|b l01
|
| LOK |
|
|
|0 000 xxxxxcx a22 zn 4500
|
| LOK |
|
|
|0 001 3317746688
|
| LOK |
|
|
|0 003 DE-627
|
| LOK |
|
|
|0 004 278994679
|
| LOK |
|
|
|0 005 19951027000000
|
| LOK |
|
|
|0 008 951027||||||||||||||||ger|||||||
|
| LOK |
|
|
|0 040
|a DE-Frei85
|c DE-627
|d DE-Frei85
|
| LOK |
|
|
|0 852
|a DE-Frei85
|
| LOK |
|
|
|0 852 1
|m p
|9 00
|
| LOK |
|
|
|0 938
|k p
|
| LOK |
|
|
|0 939
|a 27-10-95
|b l01
|
| ORI |
|
|
|a SA-MARC-krimdoka001.raw
|
| TIM |
|
|
|a 100018000101_100019501231
|b Geschichte 1800-1950
|